Arrondissements des Hauts-de-France – Carte Quiz - Statistiques

Statistiques générales
  • Ce quiz a été pris 17 fois
  • Le résultat moyen est 13 sur 26
Réponses sur la Carte
Les réponses sont colorées sur une échelle allant du rouge au vert en fonction du pourcentage des utilisateurs qui les ont devinées à leur premier essai. Vous pouvez retrouver ces pourcentages ci-dessous.
 
Statistiques - réponses
Réponse % Correct
Dunkerque
86%
Amiens
71%
Calais
71%
Saint-Quentin
71%
Abbeville
64%
Béthune
64%
Boulogne-sur-Mer
64%
Lille
64%
Saint-Omer
64%
Lens
57%
Péronne
57%
Arras
50%
Campiègne
50%
Avesnes-sur-Helpe
43%
Beauvais
43%
Château-Thierry
43%
Clermont
43%
Montreuil
43%
Douai
36%
Laon
36%
Soissons
36%
Cambrai
29%
Montdidier
29%
Senlis
29%
Vervins
29%
Valenciennes
21%
Aucun quiz correspondant
Distribution des résultats
% des personnes avec chaque résultat
Percentile par nombre de réponses
Votre historique - résultats
Vous n’avez pas pris ce quiz